| 000 | 00973nam2a2200265 4500 | ||
|---|---|---|---|
| 001 | RU\NLR\ONL2\28309 | ||
| 005 | 20250613224848.0 | ||
| 010 | _a978-5-88093-254-4 | ||
| 035 | _a(NLR Aleph) 010215262 | ||
| 090 |
_a10293753 _c10293753 |
||
| 100 | _a20131007d2014 |||y0rusy50 ca | ||
| 101 | 1 |
_aabk _brus _cgrc |
|
| 102 |
_aAB _aRU |
||
| 105 | _ay ||||||||| | ||
| 200 | 1 | _aАҿата ҳәахьа | |
| 210 |
_d2014 _aБ. м. |
||
| 215 | _a612,[2] с. | ||
| 461 | 0 |
_1001RU\NLR\ONL1\1180 _12000#$aАизга$eхә-томкны$fМушьни Лашәрия$vТ. 4 _1700#1$aЛашәриа$bМ.$4070$gМушьни _99486991 _aЛашәриа, М. _cАҟәа _d2013- _fМушьни Лашәрия _nАҧҳәынҭшәҟәҭыжьырҭа _oхә-томкны _tАизга _vТ. 4 |
|
| 801 | 0 |
_aRU _bNLR _c20131007 _gPSBO |
|
| 852 |
_aNLR _bОНЛ _jАбхаз./3-909 |
||
| 942 | _cBOOK | ||
| 980 | _aNB | ||
| 980 | _aONL_RF | ||